000 00225nam a2200097Ia 4500
008 190216s9999||||xx |||||||||||||| ||und||
100 _aMoulana Sayyid Abul Ala Maududi
245 0 _aIslam Matham
260 _bNull
942 _cBK
999 _c21942
_d21942